[Event "Nimes op"]
[Site "Nimes"]
[Date "1991.??.??"]
[Round "8"]
[White "Bologan, Viktor"]
[Black "Sokolov, Andrei"]
[Result "0-1"]
[WhiteElo "2510"]
[BlackElo "2360"]

1.e4 e6 2.d4 d5 3.Nc3 Bb4 4.e5 Ne7 5.a3 Bxc3+ 6.bxc3 b6 7.Qg4 Kf8 8.h4 Ba6
9.h5 h6 10.Bd3 c5 11.Rh3 Bxd3 12.cxd3 cxd4 13.Qxd4 Qc7 14.Nf3 Nd7 15.Bf4 Rc8
16.Rc1 Qc5 17.Qa4 Nc6 18.d4 b5 19.Qb3 Qc4 20.Qb1 Qa4 21.g4 Ne7 22.Nh4 Nb6
23.Qd3 Ke8 24.Rg3 Kd7 25.g5 hxg5 26.Bxg5 Rxh5 27.Bxe7 Kxe7 28.Rxg7 Rxh4 29.Qf3 Re4+
30.Kf1 Rf8 31.Kg2 Qxa3 32.Rh1 Ke8 33.Rhh7 Qe7  0-1

[Event "Stavanger op"]
[Site "Stavanger"]
[Date "1991.??.??"]
[Round "1"]
[White "Ostenstad, Berge"]
[Black "Bologan, Viktor"]
[Result "0-1"]
[WhiteElo "2475"]
[BlackElo "2535"]

1.d4 Nf6 2.Nf3 g6 3.c4 Bg7 4.Nc3 O-O 5.e4 d6 6.Be2 e5 7.O-O Nc6 8.d5 Ne7
9.Nd2 c6 10.a3 Ne8 11.dxc6 Nxc6 12.Nb3 Nc7 13.Be3 b6 14.Qd2 Bb7 15.f3 Ne6
16.Nb5 Qf6 17.Rad1 Rad8 18.Nc1 Rd7 19.Na2 a6 20.Nbc3 Ncd4 21.Bd3 Rc8 22.Nb4 Nb3
23.Qf2 Ned4 24.Nbd5 Qd8 25.Bc2 Nc5 26.Bb1 Nce6 27.Ba2 h5 28.f4 Bxd5 29.cxd5 Nc5
30.Bb1 Ndb3 31.f5 Kh7 32.Ba2 Nd4 33.f6 Bf8 34.Bxd4 exd4 35.Qxd4 Rdc7 36.Bb1 Nd7
37.a4 Rc4 38.Qf2 Ne5 39.Bd3 Rb4 40.Bxa6 Ra8 41.Bb5 Bh6 42.h3 Rc8 43.Rd4 Rxb2
44.Ne2 Rcc2 45.Kh1 Qc8 46.Rdd1 Nc4 47.Rfe1 Bd2 48.Nf4 Bxe1 49.Qxe1 Rxg2  0-1

[Event "Stavanger op"]
[Site "Stavanger"]
[Date "1991.??.??"]
[Round "2"]
[White "Bologan, Viktor"]
[Black "Harestad, Thor Geir"]
[Result "1-0"]
[WhiteElo "2535"]
[BlackElo "2275"]

1.e4 c5 2.Nf3 Nc6 3.d4 cxd4 4.Nxd4 Nf6 5.Nc3 e5 6.Ndb5 d6 7.Bg5 a6 8.Na3 b5
9.Nd5 Be7 10.Bxf6 Bxf6 11.c3 Bb7 12.Be2 O-O 13.O-O Ne7 14.Nxf6+ gxf6 15.Bf3 Rb8
16.Nc2 d5 17.exd5 Bxd5 18.Bxd5 Qxd5 19.Qg4+ Kh8 20.Rfd1 Qc5 21.Rd7 Ng6 22.Rad1 Rb6
23.Ne3 b4 24.c4 b3 25.a3 Qc6 26.Nf5 Rb7 27.Rd8 Rb8 28.Rxb8 Rxb8 29.h4 Rg8
30.h5 Qe6 31.hxg6 fxg6 32.Ne3 f5 33.Qe2 e4 34.Qd2  1-0

[Event "Stavanger op"]
[Site "Stavanger"]
[Date "1991.??.??"]
[Round "4"]
[White "Bologan, Viktor"]
[Black "Nielsen, Peter Heine"]
[Result "1/2-1/2"]
[WhiteElo "2535"]
[BlackElo "2445"]

1.e4 e5 2.Nf3 Nc6 3.Bc4 Nf6 4.d3 Be7 5.O-O O-O 6.Bb3 d6 7.c3 Na5 8.Ba4 c5
9.Nbd2 Qc7 10.a3 Rb8 11.b4 b5 12.Bc2 Nc6 13.Bb2 Rd8 14.d4 cxd4 15.cxd4 d5
16.dxe5 Nxe4 17.h3 a5 18.Rc1 axb4 19.axb4 Qb6 20.Bb1 Bxb4  1/2-1/2

[Event "Stavanger op"]
[Site "Stavanger"]
[Date "1991.??.??"]
[Round "6"]
[White "Bologan, Viktor"]
[Black "Fries Nielsen, Jens Ove"]
[Result "1-0"]
[WhiteElo "2535"]
[BlackElo "2380"]

1.e4 e6 2.d4 d5 3.Nc3 Nf6 4.e5 Nfd7 5.Nce2 c5 6.c3 Nc6 7.f4 b5 8.a3 cxd4
9.Nxd4 Nxd4 10.Qxd4 Bc5 11.Qd3 a6 12.Nf3 Be7 13.Be3 Nc5 14.Qc2 Bd7 15.b4 Ne4
16.Bd3 Rc8 17.Bd4 Bc6 18.O-O O-O 19.Nd2 Nxd2 20.Qxd2 f5 21.g4 g6 22.Kh1 fxg4
23.Qg2 Ba8 24.Qxg4 Rf5 25.Bxf5 exf5 26.Qh3 Qd7 27.e6 Qxe6 28.Rae1 Qf7 29.Qe3 Bf6
30.Qe6  1-0

[Event "Stavanger op"]
[Site "Stavanger"]
[Date "1991.??.??"]
[Round "7"]
[White "Bern, Ivar"]
[Black "Bologan, Viktor"]
[Result "0-1"]
[WhiteElo "2405"]
[BlackElo "2535"]

1.d4 Nf6 2.c4 g6 3.Nc3 Bg7 4.e4 d6 5.Nge2 O-O 6.Ng3 e5 7.d5 a5 8.Be2 Na6
9.Be3 Nc5 10.Rb1 Bd7 11.b3 h5 12.Bg5 Qe8 13.h4 Nh7 14.Be3 Qe7 15.Nf1 f5 16.exf5 Bxf5
17.Rc1 Bf6 18.Bxc5 dxc5 19.d6 cxd6 20.Nd5 Qd8 21.Nfe3 Be6 22.Qd3 Bf7 23.g3 Bg7
24.Bf3 Bh6 25.Rd1 Kg7 26.O-O Rb8 27.Nc3 Be8 28.Ned5 g5 29.Be4 Nf6 30.Nxf6 Rxf6
31.Nd5 Re6 32.Ne3 gxh4 33.Nf5+ Kh8 34.Nxh4 Qg5 35.Kg2 Rf6 36.Rh1 b5 37.cxb5 Bxb5
38.Qc2 Be8 39.Nf5 Bf8 40.Ne3 Bf7 41.Nd5 Rh6 42.Rh4 Be7 43.Nxe7 Qxe7 44.Qd2 Kg7
45.Qxa5 Rb4 46.Qa8 Rf6 47.Rhh1 Qd7 48.f3 Qe7 49.Bd5 h4 50.Bxf7 Qxf7 51.g4 Rh6
52.Qd8 e4 53.Rh3 Qe6 54.Qg5+ Rg6 55.Qxh4 exf3+ 56.Kh1 Kf7 57.Rxf3+ Ke8 58.Qh8+ Kd7
59.Qh7+ Kc6  0-1

[Event "Stavanger op"]
[Site "Stavanger"]
[Date "1991.??.??"]
[Round "9"]
[White "Fossan, Erik"]
[Black "Bologan, Viktor"]
[Result "0-1"]
[WhiteElo "2285"]
[BlackElo "2535"]

1.e4 c5 2.Nf3 e6 3.c3 d5 4.exd5 exd5 5.d4 Nc6 6.Be3 c4 7.b3 cxb3 8.axb3 Bd6
9.Be2 h6 10.O-O Nf6 11.c4 O-O 12.Nc3 Be6 13.Qc1 Re8 14.h3 Bf5 15.Rd1 Nb4
16.c5 Bc7 17.Bf4 Ba5 18.Bb5 Re6 19.Rd2 Ne4 20.Nxe4 dxe4 21.Qa3 exf3 22.Qxa5 Re1+
23.Kh2 Qh4 24.Bg3 fxg2 25.Kxg2 Qxh3+  0-1

[Event "Calcutta"]
[Site "Calcutta"]
[Date "1992.??.??"]
[Round "4"]
[White "Parameswaran, Tiruchi N"]
[Black "Bologan, Viktor"]
[Result "1-0"]
[WhiteElo "2365"]
[BlackElo "2585"]

1.d4 Nf6 2.c4 g6 3.Nc3 Bg7 4.e4 d6 5.Nf3 O-O 6.Be2 e5 7.dxe5 dxe5 8.Qxd8 Rxd8
9.Bg5 Re8 10.Nd5 Nxd5 11.cxd5 c6 12.Bc4 b5 13.Bb3 Bb7 14.Rc1 a5 15.a3 a4
16.Ba2 Rc8 17.Be7 Bh6 18.Bg5 Bxg5 19.Nxg5 c5 20.O-O Nd7 21.f4 h6 22.Nxf7 Kxf7
23.fxe5+ Kg7 24.e6 Ne5 25.d6 c4 26.Rcd1 Rh8 27.d7 Rad8 28.Rd6 Bc6 29.Bb1 h5
30.h4 Kh6 31.e7 Rxd7 32.Re6 Rd2 33.Rxe5 Rxb2 34.Re6 Be8 35.e5 Rg8 36.Be4 c3
37.Rf8 Kg7 38.Rxg6+ Bxg6 39.Rxg8+ Kxg8 40.Bxg6  1-0

[Event "Calcutta"]
[Site "Calcutta"]
[Date "1992.??.??"]
[Round "6"]
[White "Ravisekhar, Raja"]
[Black "Bologan, Viktor"]
[Result "0-1"]
[WhiteElo "2400"]
[BlackElo "2585"]

1.d4 d6 2.Nf3 Nf6 3.c4 g6 4.Nc3 Bg7 5.e4 O-O 6.Be2 e5 7.dxe5 dxe5 8.Qxd8 Rxd8
9.Bg5 Rf8 10.Nxe5 Nxe4 11.Nxe4 Bxe5 12.O-O-O Nc6 13.f4 Bd4 14.Nf6+ Kg7 15.Nd5 f6
16.Bh4 Bf5 17.Bd3 Bg4 18.Rde1 Rf7 19.h3 Bd7 20.Rhf1 Rd8 21.g4 Bc8 22.Bf2 Bxf2
23.Rxf2 Nd4 24.Bf1 c6 25.Nc3 h5 26.gxh5 gxh5 27.Rd1 Bf5 28.Rfd2 Rfd7 29.Ne2 Nxe2+
30.Bxe2 Rxd2 31.Rxd2 Rh8 32.h4 Bg4 33.Bd3 Re8 34.Rg2 Re1+ 35.Kd2 Rh1 36.Bf5 Rxh4
37.Ke3 Kh6 38.Ke4 c5 39.b3 b6 40.Rg3 Bxf5+ 41.Kxf5 Rg4 42.Rxg4 hxg4 43.Kxg4 Kg6  0-1

[Event "Calcutta"]
[Site "Calcutta"]
[Date "1992.??.??"]
[Round "7"]
[White "Bologan, Viktor"]
[Black "Ravi, Lanka"]
[Result "1/2-1/2"]
[WhiteElo "2585"]
[BlackElo "2370"]

1.e4 c6 2.c4 e5 3.Nf3 d6 4.d4 Nd7 5.Nc3 Ngf6 6.Be2 Be7 7.O-O O-O 8.Be3 Qc7
9.d5 Nc5 10.Nd2 a5 11.a3 Bd7 12.b4 axb4 13.axb4 Na6 14.dxc6 bxc6 15.b5 Nb4
16.Qb3 c5 17.Ra4 Qb7 18.Rfa1 Be6 19.Bg5 h6 20.Bxf6 Bxf6 21.Qd1 Bg5 22.Nb3 Rxa4
23.Rxa4 Qb8 24.g3 f5 25.h4 Bf6 26.Nd2 f4 27.Nd5 Nxd5 28.cxd5 Bd7 29.Qb3 c4
30.Nxc4 fxg3 31.fxg3 Bd8 32.Ra6 Bxb5 33.Kg2 Bc7 34.Ra2 Bxc4 35.Qxb8 Rxb8
36.Bxc4 Bb6 37.h5 Bd4 38.Be2 Kf7 39.Bg4 Kf6 40.Bf3  1/2-1/2

[Event "Calcutta"]
[Site "Calcutta"]
[Date "1992.??.??"]
[Round "8"]
[White "Saravanan, V."]
[Black "Bologan, Viktor"]
[Result "1/2-1/2"]
[WhiteElo "2355"]
[BlackElo "2585"]

1.e4 g6 2.d4 Bg7 3.Nc3 c6 4.Bc4 d6 5.Nf3 Nf6 6.Bb3 O-O 7.Bg5 Qa5 8.Qe2 Bg4
9.Bd2 Qh5 10.h3 Nfd7 11.Be3 c5 12.O-O-O Bxf3 13.Qxf3 Qxf3 14.gxf3 cxd4 15.Bxd4 Bxd4
16.Rxd4 Nc6 17.Rd2 Nc5 18.Bd5 Rac8 19.f4 Kg7 20.Re1 Ne6 21.Ne2 Rc7 22.f5 Ng5
23.Ng1 gxf5 24.exf5 h6 25.f4 Nh7 26.Rg2+ Kh8 27.Rge2 Nb4 28.Be4 d5 29.a3 dxe4
30.axb4 Nf6 31.Rd2 Rcc8 32.c3 a5 33.bxa5 Rc5 34.Red1 Rxa5 35.Rd8 Rxd8 36.Rxd8+ Kg7
37.Ne2 Rxf5 38.Rb8 Nh5 39.Rxb7 Kf6 40.Rb4 Nxf4 41.Rxe4 Nxe2+ 42.Rxe2 e5 43.Kd2 Ke6
44.c4 Rf4 45.Kd3 Rh4 46.Rh2 Rd4+ 47.Kc3 f5 48.b4 Rd8 49.Rd2 Rb8 50.c5 f4
51.Kc4 f3 52.c6 e4 53.c7 Rc8 54.Kd4 Rxc7 55.Kxe4 Rc4+ 56.Kxf3  1/2-1/2

[Event "Calcutta"]
[Site "Calcutta"]
[Date "1992.??.??"]
[Round "9"]
[White "Neelakantan, Narayanan"]
[Black "Bologan, Viktor"]
[Result "0-1"]
[WhiteElo "2230"]
[BlackElo "2585"]

1.e4 c5 2.Nf3 e6 3.d4 cxd4 4.Nxd4 a6 5.Nc3 b5 6.g3 b4 7.Na4 Bb7 8.Bg2 Nf6
9.O-O Bxe4 10.Bxe4 Nxe4 11.Be3 d5 12.c4 bxc3 13.bxc3 Nd7 14.c4 dxc4 15.Qf3 Ndf6
16.Rac1 Rc8 17.Rfd1 Qa5 18.Nc3 Nxc3 19.Rxc3 Qxc3 20.Qb7 Rd8 21.Qc6+ Nd7 22.Qxa6 Qa3
23.Qxc4 Qb4 24.Qc6 Qb6 25.Qa4 Bc5  0-1

[Event "Calcutta"]
[Site "Calcutta"]
[Date "1992.??.??"]
[Round "10"]
[White "Bologan, Viktor"]
[Black "Rahman, Ziaur"]
[Result "1-0"]
[WhiteElo "2585"]
[BlackElo "2360"]

1.e4 e6 2.d4 d5 3.Nc3 Nf6 4.e5 Ne4 5.Nxe4 dxe4 6.Be3 c5 7.dxc5 Nd7 8.Qg4 Nxc5
9.Bxc5 Bxc5 10.Qxe4 Qb6 11.O-O-O Bd7 12.Nf3 Bc6 13.Qg4 O-O 14.Bd3 Bxf2 15.Kb1 h6
16.Nd2 Rfd8 17.Rhf1 Rd7 18.Nc4 Qc5 19.Qf4 b5 20.Nd6 Be3 21.Qg3 Rf8 22.c3 Qb6
23.Bc2 Bd5 24.Rxd5 exd5 25.Nf5 Bg5 26.h4 b4 27.hxg5 h5 28.cxb4 Qxb4 29.g6 f6
30.exf6 Rc8 31.Ne7+ Rxe7 32.fxe7 Qxe7 33.Qf3 Qc5 34.Bb3 Rd8 35.Qxh5  1-0

[Event "Caciulata"]
[Site "Calimanesti"]
[Date "1992.??.??"]
[Round "?"]
[White "Marin, Mihail"]
[Black "Bologan, Viktor"]
[Result "1-0"]
[WhiteElo "2525"]
[BlackElo "2585"]

1.d4 Nf6 2.c4 g6 3.Nc3 Bg7 4.e4 d6 5.Bd3 O-O 6.Nge2 e5 7.d5 a5 8.O-O Na6
9.f3 c6 10.Be3 Nh5 11.Qd2 f5 12.exf5 gxf5 13.f4 e4 14.Bc2 Nb4 15.Bb1 Nf6
16.a3 Na6 17.Bc2 c5 18.h3 Nc7 19.Rae1 Bd7 20.g4 fxg4 21.f5 gxh3 22.Bg5 b5
23.Ng3 bxc4 24.Nh5 Rf7 25.Nxg7 Rxg7 26.Kh1 e3 27.Bxe3 Ncxd5 28.Bh6 Nxc3 29.Bxg7 Kxg7
30.Qxc3 Bc6+ 31.Be4 Bxe4+ 32.Rxe4 Kf7 33.Re6 Ra7 34.Rg1 d5 35.Qg3 Qh8 36.Rxf6+ Kxf6
37.Qd6+ Kxf5 38.Qxd5+ Kf6 39.Qd6+ Kf7 40.Rf1+ Ke8  1-0

[Event "Caciulata"]
[Site "Calimanesti"]
[Date "1992.??.??"]
[Round "?"]
[White "Lupu, Mircea Sergiu"]
[Black "Bologan, Viktor"]
[Result "1-0"]
[WhiteElo "2415"]
[BlackElo "2585"]

1.b3 Nf6 2.Bb2 g6 3.e4 d6 4.g3 Bg7 5.Bg2 O-O 6.Ne2 c5 7.O-O Nc6 8.d4 cxd4
9.Nxd4 Bd7 10.c4 Qa5 11.Ne2 Qh5 12.Nbc3 Ne5 13.f3 g5 14.Nd4 a6 15.Nf5 Bxf5
16.exf5 Rab8 17.h3 b5 18.cxb5 axb5 19.Qd2 Rfc8 20.Rae1 Qh6 21.Rf2 Rc5 22.f4 gxf4
23.gxf4 Nc6 24.Bxc6 Rxc6 25.Rg2 Rb7 26.Kh2 Kf8 27.Reg1 Nh5 28.Ne4 e5 29.f6 Bxf6
30.Nxd6 Qxf4+ 31.Qxf4 Nxf4 32.Nxb7 Nxg2 33.Rxg2 Ke7 34.Ba3+ Ke6 35.Nc5+ Kf5
36.Rf2+ Kg6 37.Nd7 Bg7 38.Rg2+ Kh6 39.Bc5 f5 40.Rd2 Kg5 41.Rg2+ Kh6 42.Rd2  1-0

[Event "Caciulata"]
[Site "Calimanesti"]
[Date "1992.??.??"]
[Round "?"]
[White "Ionescu, Cristian"]
[Black "Bologan, Viktor"]
[Result "0-1"]
[WhiteElo "2280"]
[BlackElo "2585"]

1.d4 Nf6 2.c4 g6 3.Nc3 Bg7 4.e4 d6 5.f3 O-O 6.Bg5 c5 7.d5 Qa5 8.Bd2 e6 9.a3 Re8
10.Nge2 exd5 11.cxd5 Nbd7 12.Nf4 Ne5 13.Be2 c4 14.b4 cxb3 15.Qxb3 Nfd7 16.Rb1 Nc5
17.Qb4 Qd8 18.O-O Bd7 19.Rfd1 b5 20.Nxb5 Rb8 21.Qa5 Qf6 22.Be3 Bh6 23.Nxd6 Bxf4
24.Bxc5 Qh4 25.Nxe8 Qxh2+ 26.Kf2 Rxe8 27.Bf1 f5 28.Rb4 Nxf3 29.Qxa7 Qg3+
30.Ke2 Bb5+ 31.Rxb5 Rxe4+ 32.Be3 Nd4+ 33.Qxd4 Rxe3+ 34.Kd2 Qf2+  0-1

[Event "Caciulata"]
[Site "Calimanesti"]
[Date "1992.??.??"]
[Round "?"]
[White "Ghitescu, Theodor"]
[Black "Bologan, Viktor"]
[Result "1/2-1/2"]
[WhiteElo "2435"]
[BlackElo "2585"]

1.d4 Nf6 2.c4 g6 3.Nc3 Bg7 4.e4 d6 5.Nf3 O-O 6.Be2 e5 7.O-O Nc6 8.d5 Ne7
9.b4 a5 10.bxa5 c5 11.a4 Rxa5 12.Qc2 Nd7 13.Nb5 Ra6 14.Bb2 h6 15.Nd2 f5 16.f4 exf4
17.Bxg7 Kxg7 18.Qc3+ Ne5 19.Nf3 g5 20.Nxe5 dxe5 21.Qxe5+ Raf6 22.Bd3 fxe4
23.Bxe4 Nf5 24.Bxf5 Bxf5 25.Rfe1 Kg6 26.Nc7 Qd7 27.a5 f3 28.gxf3 Bh3 29.Ne6 Bxe6
30.dxe6 Qd3 31.Qe4+ Qxe4 32.Rxe4 Rxf3 33.a6 bxa6 34.e7 Re8 35.Rxa6+ Rf6  1/2-1/2

[Event "Caciulata"]
[Site "Calimanesti"]
[Date "1992.??.??"]
[Round "?"]
[White "Bouaziz, Slim"]
[Black "Bologan, Viktor"]
[Result "1-0"]
[WhiteElo "2385"]
[BlackElo "2585"]

1.Nf3 d6 2.c4 e5 3.Nc3 f5 4.d3 Nf6 5.g3 Be7 6.Bg2 O-O 7.b4 Qe8 8.Qb3 Kh8
9.Nd5 Nxd5 10.cxd5 a5 11.b5 Nd7 12.Ba3 Nb6 13.e4 Bd7 14.Rb1 a4 15.Qb4 Qh5
16.Nxe5 f4 17.Nxd7 Nxd7 18.Bb2 f3 19.Bf1 Bf6 20.h4 g5 21.hxg5 Qxh1 22.gxf6 Nxf6
23.Qa3 Qh6 24.Bc3 Qg7 25.Bh3 b6 26.Rb4 Rae8 27.Kd2 Re5 28.Rc4 Ne8 29.Kc2 h5
30.Bd4 Rf7 31.Rxa4 Rfe7 32.Ra8 Qf6 33.Qb2 h4 34.gxh4 Qxh4 35.Bf5 Kg7 36.Qc1 Kf8
37.Bxe5 dxe5 38.Kb3 Qh2  1-0

[Event "Caciulata"]
[Site "Calimanesti"]
[Date "1992.??.??"]
[Round "?"]
[White "Bologan, Viktor"]
[Black "Istratescu, Andrei"]
[Result "1/2-1/2"]
[WhiteElo "2585"]
[BlackElo "2430"]

1.e4 c5 2.Nf3 d6 3.d4 cxd4 4.Nxd4 Nf6 5.Nc3 a6 6.Be3 e5 7.Nb3 Be6 8.f4 exf4
9.Bxf4 Be7 10.Qd2 Nc6 11.O-O-O Ne5 12.Nd4 O-O 13.Nf5 Bxf5 14.exf5 Qc8 15.g4 Nexg4
16.Bd3 Ne5 17.Bxe5 dxe5 18.Rhg1 Kh8 19.Qg2 Rg8 20.Nd5 Qc5 21.Be4 Rad8 22.Rge1 b5
23.Qf3  1/2-1/2

[Event "Cappelle op"]
[Site "Cappelle la Grande"]
[Date "1992.??.??"]
[Round "1"]
[White "Bologan, Viktor"]
[Black "Schmidt, Stefan"]
[Result "1-0"]
[WhiteElo "2585"]
[BlackElo "2275"]

1.e4 Nf6 2.e5 Nd5 3.d4 d6 4.Nf3 g6 5.Bc4 Nb6 6.Bb3 a5 7.Ng5 d5 8.c3 f6 9.Nf3 Bg7
10.O-O O-O 11.Re1 Re8 12.Bf4 Be6 13.Nbd2 Qd7 14.Qe2 Na6 15.Bc2 c6 16.h4 Nc7
17.h5 Bf5 18.Nf1 Ne6 19.Bg3 Nf8 20.hxg6 hxg6 21.Nh4 Bxc2 22.Qxc2 Qg4 23.Ne3 Qh5
24.Qb3 Nbd7 25.Qxb7 fxe5 26.Qxc6 e6 27.Nf3 e4 28.Nh2 Nf6 29.Qa4 Re7 30.c4 Rb7
31.Qc6 Raa7 32.b3 Qg5 33.Be5 Rd7 34.Rac1 N8h7 35.Qxe6+  1-0

[Event "Cappelle op"]
[Site "Cappelle la Grande"]
[Date "1992.??.??"]
[Round "2"]
[White "Dumitrache, Dragos"]
[Black "Bologan, Viktor"]
[Result "0-1"]
[WhiteElo "2375"]
[BlackElo "2585"]

1.d4 Nf6 2.c4 g6 3.Nc3 Bg7 4.e4 d6 5.Be2 O-O 6.Nf3 e5 7.O-O Nc6 8.d5 Ne7
9.b4 a5 10.bxa5 c5 11.Nd2 Rxa5 12.Rb1 Nd7 13.Bg4 f5 14.Bh3 Nf6 15.Rb5 Ra6
16.g3 f4 17.Bxc8 Qxc8 18.Nf3 h6 19.Kg2 g5 20.Qb3 Ng6 21.Rxb7 g4 22.Ne1 h5
23.Qb5 Qa8 24.a4 Bh6 25.Nd3 Ra7 26.Rb6 Qd8 27.a5 Ne8 28.a6 Raf7 29.Rb8 Qf6
30.Rxe8 fxg3 31.hxg3 Qf3+ 32.Kg1 Bxc1 33.Rxc1 h4 34.Rxf8+ Nxf8 35.Qb2 h3
36.Ne1 h2+  0-1

[Event "Cappelle op"]
[Site "Cappelle la Grande"]
[Date "1992.??.??"]
[Round "3"]
[White "Bologan, Viktor"]
[Black "Motwani, Paul"]
[Result "1-0"]
[WhiteElo "2585"]
[BlackElo "2455"]

1.e4 c5 2.Nf3 e6 3.d4 cxd4 4.Nxd4 a6 5.Nc3 Qc7 6.Bd3 Nc6 7.Nxc6 dxc6 8.O-O Nf6
9.f4 e5 10.Kh1 h5 11.a4 Ng4 12.f5 Bc5 13.Qe2 b6 14.Bg5 Be7 15.Bd2 Bb7 16.Nd1 a5
17.Ne3 Nf6 18.Nc4 Ba6 19.Be3 Bxc4 20.Bxc4 Bd6 21.Bg5 O-O-O 22.c3 h4 23.Rab1 Nh5
24.Bxh4 Be7 25.Bf2 Bc5 26.Qf3 Bxf2 27.Rxf2 Nf6 28.g3 Qe7 29.Re2 Kc7 30.Kg2 Rd7
31.b4 axb4 32.Rxb4 Qc5 33.Reb2 Rhd8 34.Be2 Rd2 35.Rxb6 R8d3 36.Rb7+ Kd6 37.Kh3 Qxc3
38.Rxd2  1-0

[Event "Cappelle op"]
[Site "Cappelle la Grande"]
[Date "1992.??.??"]
[Round "6"]
[White "Kuczynski, Robert"]
[Black "Bologan, Viktor"]
[Result "1-0"]
[WhiteElo "2500"]
[BlackElo "2585"]

1.e4 c5 2.Nf3 e6 3.d4 cxd4 4.Nxd4 a6 5.Nc3 d6 6.Be2 Nf6 7.f4 Be7 8.O-O O-O
9.Kh1 Nc6 10.a4 Qc7 11.Be3 Na5 12.Bd3 Bd7 13.Qe2 Rac8 14.Rae1 Rfe8 15.Bc1 Nc6
16.Nb3 Nb4 17.a5 Nxd3 18.cxd3 e5 19.Be3 Be6 20.Bb6 Qc6 21.Nd2 exf4 22.Rxf4 d5
23.e5 Nd7 24.Bd4 Nc5 25.Rff1 Na4 26.Nb3 b6 27.axb6 Nxb6 28.Bg1 Nd7 29.Nd4 Qb7
30.Qf3 Bb4 31.Re3 Nf8 32.Nd1 Qd7 33.Qg3 Bg4 34.Nf2 Bh5 35.Nh3 Bd2 36.Nf4 Bg4
37.e6 Bxe6 38.Nh5 Ng6 39.Ref3 Rc1 40.Nb3 Rxf1 41.Rxf1 Bb4 42.Bd4 Bf8 43.Nc5 Qc8
44.Qf2 Re7 45.b4 Qc6 46.h3 f6 47.Qa2 Bc8 48.Ra1 f5 49.Qd2 Qd6 50.Re1 Rxe1+
51.Qxe1 Qe7 52.Qg3 Qe2 53.Qc7 Nh4 54.Nf4 Qf1+ 55.Bg1 g5 56.Qxc8 gxf4 57.Qe6+ Kg7
58.Qe5+ Kg6 59.Qe8+ Kg7 60.Ne6+ Kf6 61.Qxf8+ Kxe6 62.Qe8+ Kd6 63.Qd8+ Kc6
64.Qxh4 f3 65.Qf6+  1-0

[Event "Cappelle op"]
[Site "Cappelle la Grande"]
[Date "1992.??.??"]
[Round "9"]
[White "Bologan, Viktor"]
[Black "Fruteau, Sabine"]
[Result "1-0"]
[WhiteElo "2585"]
[BlackElo "2090"]

1.e4 e5 2.Nf3 Nc6 3.Bc4 Bc5 4.c3 Nf6 5.d3 d6 6.Nbd2 a6 7.Bb3 Ba7 8.Nf1 Ne7
9.Ng3 Ng6 10.O-O O-O 11.Re1 Ng4 12.d4 Be6 13.h3 Nf6 14.Bc2 c6 15.Be3 Qc7
16.Qe2 Nd7 17.Ng5 h6 18.Nxe6 fxe6 19.Qg4 Nf4 20.Bxf4 Rxf4 21.Qxe6+ Kh8 22.Qe7 g6
23.Rad1 Raf8 24.Re2 R4f7 25.Qe6 Rf6 26.Qg4 c5 27.Qh4 Kh7 28.dxc5 Qxc5 29.Nh1 R8f7
30.Bb3 Rf8 31.Kh2 b5 32.f3 Nb6 33.Nf2 g5 34.Qh5 Nc4 35.Ng4 Rg6 36.Bxc4 Qxc4
37.Red2 Qe6 38.h4 Bb8 39.Ne3 Bc7 40.Nf5 Qf6 41.g4 Rd8 42.Kg3 Rd7 43.b3 Qf8
44.hxg5 Rxg5 45.Qh3 Rg6 46.c4 Bb6 47.Rd5 bxc4 48.bxc4 Qd8 49.Qh5 Bc5 50.Rb1 Qa5
51.Nxh6  1-0

[Event "Chalkidiki"]
[Site "Chalkidiki"]
[Date "1992.??.??"]
[Round "1"]
[White "Bologan, Viktor"]
[Black "Kotronias, Vasilios"]
[Result "1-0"]
[WhiteElo "2555"]
[BlackElo "2550"]

1.e4 c5 2.Nf3 Nc6 3.d4 cxd4 4.Nxd4 Nf6 5.Nc3 d6 6.Bg5 e6 7.Qd2 Be7 8.O-O-O O-O
9.f4 Nxd4 10.Qxd4 Qa5 11.Kb1 h6 12.h4 Rd8 13.Be2 e5 14.Qe3 exf4 15.Bxf4 Be6
16.Bf3 Bf8 17.Qe1 Qa6 18.Be3 Rac8 19.Bd4 Nd7 20.Be2 Qc6 21.g4 Nc5 22.g5 h5
23.Bxh5 Na4 24.Qe2 Nxc3+ 25.Bxc3 d5 26.g6 dxe4 27.gxf7+ Bxf7 28.Bxf7+ Kxf7
29.Rdf1+ Kg8 30.Qg4 Qe8 31.Rhg1 Rxc3 32.bxc3 Qb5+ 33.Ka1 Qe5 34.Qg3 Bd6 35.Qxe5 Bxe5
36.Kb2 Rc8 37.Rf5 Bxc3+ 38.Kb3 e3 39.Rg2 Rc6 40.Rd5 Bf6 41.h5 Kh7 42.Rd7 Rb6+
43.Kc4 Rb2 44.Kd3 Kh6 45.Kxe3 Kxh5 46.Kf4 Rb5 47.c4 g5+ 48.Ke4 Re5+ 49.Kd3 b5
50.Rh7+ Kg6 51.Rxa7 bxc4+ 52.Kxc4 Re4+ 53.Kd5 Rd4+ 54.Kc6 Be5 55.a4 g4 56.a5 Kg5
57.a6 Ra4 58.Kb5 Ra1 59.Ra8 Kh4 60.Re8 Bc3  1-0

[Event "Chalkidiki"]
[Site "Chalkidiki"]
[Date "1992.??.??"]
[Round "2"]
[White "Adams, Michael"]
[Black "Bologan, Viktor"]
[Result "1/2-1/2"]
[WhiteElo "2610"]
[BlackElo "2555"]

1.d4 g6 2.e4 Bg7 3.Nc3 c6 4.f4 d5 5.e5 Nh6 6.Nf3 f6 7.Be2 Bg4 8.h3 Bxf3 9.Bxf3 fxe5
10.fxe5 e6 11.O-O O-O 12.Ne2 Nd7 13.Bf4 Qb6 14.Qd2 Nf5 15.Kh1 c5 16.c3 Rf7
17.g3 Raf8 18.Kg2 Nb8 19.Rad1 Nc6 20.h4 h6 21.Bg4 cxd4 22.cxd4 Qa6 23.b3 Kh7
24.h5 g5 25.Be3 Kh8 26.Bg1 Rc7 27.Rc1 Qb6 28.Rf3 Nce7 29.Rxc7 Qxc7 30.Rc3 Qd7
31.Bf2 Nc6 32.Ng1 Rf7 33.Nf3 Bf8 34.Qd3 Bb4 35.Rc1 Ba5 36.Bh3 Bb6 37.g4 Nfe7
38.Be3 Ng8 39.Kf2 Qe7 40.Rd1 Qa3 41.Rd2 Qf8 42.Bg2 Rf4 43.Kg3 Re4 44.Kh3 Nge7
45.Rf2 Qg7 46.Rf1 Nf5 47.Bg1 Nfe7 48.Nd2 Rxd4 49.Bxd4 Bxd4 50.Rf6 Bxe5 51.Rxe6 Nd4
52.Rxe7 Qxe7 53.Bxd5 Qf6 54.Qe4 Qf4 55.Qxf4  1/2-1/2

[Event "Chalkidiki"]
[Site "Chalkidiki"]
[Date "1992.??.??"]
[Round "4"]
[White "Psakhis, Lev"]
[Black "Bologan, Viktor"]
[Result "1/2-1/2"]
[WhiteElo "2570"]
[BlackElo "2555"]

1.e4 c5 2.Nf3 e6 3.d4 cxd4 4.Nxd4 a6 5.Bd3 g6 6.c4 Bg7 7.Nb3 Ne7 8.Nc3 Nbc6
9.Be2 O-O 10.Bf4 b6 11.Qd2 Ne5 12.O-O f5 13.Rad1  1/2-1/2

[Event "Chalkidiki"]
[Site "Chalkidiki"]
[Date "1992.??.??"]
[Round "5"]
[White "Bologan, Viktor"]
[Black "Akopian, Vladimir"]
[Result "1-0"]
[WhiteElo "2555"]
[BlackElo "2600"]

1.e4 c5 2.Nf3 d6 3.d4 cxd4 4.Nxd4 Nf6 5.Nc3 a6 6.Be3 e6 7.Be2 Be7 8.f4 Qc7
9.O-O O-O 10.Kh1 Nc6 11.Qe1 Nxd4 12.Bxd4 b5 13.a3 Bb7 14.Qg3 Rad8 15.Rae1 Bc6
16.Bd3 Qb7 17.Qh3 g6 18.f5 e5 19.Be3 Nh5 20.Be2 Nf4 21.Bxf4 exf4 22.Rxf4 Bg5
23.Rg4 Qe7 24.Rf1 Bf6 25.Bd3 Qe5 26.Ne2 Kh8 27.c3 Bd7 28.Nd4 Rde8 29.Rgf4 d5
30.exd5 Qxd5 31.Ne6 Rxe6 32.fxe6 Bxe6 33.Qe3 Bg7 34.Be4 Qd6 35.R4f2 Rd8 36.Re1 Kg8
37.Bf3 h5 38.Rff1 Qc7 39.Rd1 Rxd1 40.Rxd1 Be5 41.g3 Kg7 42.Re1 Bf6 43.Qe4 Qc5
44.Kg2 a5 45.Rd1 Bc4 46.Rd2 Be6 47.Rd1 Bc4 48.Rd7 b4 49.axb4 axb4 50.cxb4 Qc8
51.Rd2 Bb5 52.Rc2 Qa6 53.Be2 Bxe2 54.Rxe2 h4 55.g4 Qd6 56.g5 h3+ 57.Kf3  1-0

[Event "Chalkidiki"]
[Site "Chalkidiki"]
[Date "1992.??.??"]
[Round "6"]
[White "Ulibin, Mikhail"]
[Black "Bologan, Viktor"]
[Result "0-1"]
[WhiteElo "2570"]
[BlackElo "2555"]

1.d4 Nf6 2.c4 g6 3.Nc3 Bg7 4.e4 d6 5.Nf3 O-O 6.Be2 e5 7.O-O Nc6 8.d5 Ne7
9.Nd2 c6 10.dxc6 bxc6 11.b4 d5 12.Ba3 Re8 13.Re1 Be6 14.Bf1 dxe4 15.Ndxe4 Nxe4
16.Nxe4 Nf5 17.Bb2 Qe7 18.Nc5 a5 19.Nxe6 Qxe6 20.b5 e4 21.Bxg7 Kxg7 22.c5 cxb5
23.Bxb5 Red8 24.Qa4 Rd4 25.Qb3 Qe5 26.Qc3 Rc8 27.Rac1 f6 28.a4 Rd5 29.Qxa5 Rdxc5
30.Rxc5 Rxc5 31.Qa7+ Rc7 32.Qb6 e3 33.fxe3 Rc2 34.Bf1 Qc3 35.Rb1 Nxe3 36.Qb7+ Kh6
37.Qf3 Qd4 38.Qh3+ Kg5 39.Qg3+ Ng4+ 40.Kh1 Rc3 41.Rb5+ f5 42.Rd5 Rc1  0-1

[Event "Chalkidiki"]
[Site "Chalkidiki"]
[Date "1992.??.??"]
[Round "7"]
[White "Bologan, Viktor"]
[Black "Sokolov, Ivan"]
[Result "0-1"]
[WhiteElo "2555"]
[BlackElo "2625"]

1.e4 e5 2.Nf3 Nc6 3.Bc4 Bc5 4.c3 Nf6 5.d3 a6 6.Bb3 O-O 7.h3 b5 8.O-O Bb6
9.Re1 d5 10.exd5 Nxd5 11.Nxe5 Nxe5 12.Rxe5 c6 13.Bxd5 cxd5 14.Qf3 Bc7 15.Re1 Qd6
16.g3 Bxh3 17.Bf4 Qf6 18.Nd2 Bxf4 19.gxf4 Bf5 20.d4 Qg6+ 21.Qg3 f6 22.Re7 Rfe8
23.Rae1 Kf8 24.Qxg6 Bxg6 25.Rxe8+ Rxe8 26.Rxe8+ Kxe8 27.Nf1 Ke7 28.Ne3 Ke6
29.Kg2 a5 30.Kg3 Bb1 31.a3 a4 32.Kg4 g6 33.f3 Bd3 34.Kh4 Bf5 35.Kg3 g5 36.fxg5 fxg5
37.f4 gxf4+ 38.Kxf4 Bg6 39.Kg5 Be4 40.Ng4 Bf3 41.Nh6 Be2 42.Nf5 Bd3 43.Ng7+ Kf7
44.Nh5 Be4 45.Ng3 Bg6 46.Nf5 Bxf5 47.Kxf5 h5 48.Kg5 Ke6 49.Kxh5 Kf5 50.Kh6 Ke4
51.Kg5 Kd3 52.Kf5 Kc2 53.Ke5 Kxb2 54.Kxd5 Kxc3 55.Ke5 b4 56.d5 bxa3 57.d6 a2
58.d7 a1=Q 59.d8=Q Kc2+ 60.Kf5 Qc3 61.Qa8 a3 62.Kg5 Qe5+ 63.Kh4 Qf6+ 64.Kh5 Qf7+
65.Kg5 a2 66.Qe4+ Kc3 67.Qe3+ Kc4 68.Qe2+ Kc5 69.Qe3+ Kc6 70.Qc3+ Kd7 71.Qd4+ Ke8
72.Qh8+ Ke7 73.Qe5+ Kf8 74.Qb8+ Qe8 75.Qf4+ Kg8 76.Qc4+ Qf7 77.Qc8+ Kg7 78.Qc3+ Kf8
79.Qc8+ Qe8 80.Qf5+ Kg7 81.Qf6+ Kg8 82.Qa1 Qf7  0-1